| 000 | 01237nam a2200313Ia 4500 | ||
|---|---|---|---|
| 001 | ebr10197287 | ||
| 003 | CaPaEBR | ||
| 006 | m u | ||
| 007 | cr cn||||||||| | ||
| 008 | 070514s2008 enka sb 001 0 eng d | ||
| 010 | _z 2007928820 | ||
| 020 | _z1846289521 (pbk.) | ||
| 020 | _z9781846289521 (pbk.) | ||
| 040 |
_aCaPaEBR _cCaPaEBR |
||
| 035 | _a(OCoLC)209986945 | ||
| 050 | 1 | 4 |
_aRM345 _b.H364 2008eb |
| 245 | 0 | 0 |
_aHandbook of pediatric cardiovascular drugs _h[electronic resource] / _cRicardo Munoz ... [et al.], editors. |
| 260 |
_aLondon : _bSpringer, _cc2008. |
||
| 300 |
_axiii, 356 p. : _bill. |
||
| 504 | _aIncludes bibliographical references and index. | ||
| 533 |
_aElectronic reproduction. _bPalo Alto, Calif. : _cebrary, _d2009. _nAvailable via World Wide Web. _nAccess may be limited to ebrary affiliated libraries. |
||
| 650 | 0 | _aCardiovascular agents. | |
| 650 | 0 |
_aCardiovascular system _xDiseases _xChemotherapy. |
|
| 650 | 0 | _aPediatric cardiology. | |
| 655 | 7 |
_aElectronic books. _2local |
|
| 700 | 1 |
_aMunoz, Ricardo _q(Ricardo A.) |
|
| 710 | 2 | _aebrary, Inc. | |
| 856 | 4 | 0 |
_uhttp://site.ebrary.com/lib/rucke/Doc?id=10197287 _zAn electronic book accessible through the World Wide Web; click to view |
| 999 |
_c117146 _d117146 |
||